000
00206nam a22000857a 4500
001
1243086
005
20251016100415.0
245
_a
DAĞ SUSTU DAĞ KONUŞTU
_c
HACER KILCIOĞLU
260
_b
GÜNIŞIĞI YAYINLARI
999
_c
1243086
_d
1243086